000 02434nam0a2200361 4500
001 RU\NLR\bibl\1409726
005 20260407205123.0
010 _a978-5-85879-527-8
_9500
021 _aRU
_b2009-53115
_93271
035 _a(NLR Aleph) 001401712
090 _a1226608
_c1226608
100 _a20090909d2009 |||y0rusy50 ca
101 0 _arus
102 _aRU
105 _aa |||||||||
200 1 _aГенеалогия на Русском Севере: связь с общественными науками
_eсборник материалов Международной научной конференции, посвященной 10-летию Архангельской региональной общественной организации "Северное историко-родословное общество", (Архангельск, 10-11 сентября 2008 г.)
_f[сост. Л.Д. Попова]
210 _aАрхангельск
_cПравда Севера
_d2009
215 _a242, [1] с.
_cил.
_d21
300 _aВ надзаг.: Администрация Арханг. обл., Арханг. регион. обществ. орг. "Сев. ист.-родослов. о-во", Арханг. обл. науч.б-ка им. Н.А. Добролюбова, Помор. гос. ун-т им. М.В. Ломоносова
320 _aБиблиогр. в прим. в конце ст.
606 1 _aГенеалогия
_jСъезды, совещания и т.п.
_yРоссия
_yСевер
_92568540
_3RU\NLR\auth\661519014
686 _aТ214(2Р31)я431
702 1 _4220
_7ca
_8rus
_aПопова
_bЛ. Д.
_cд-р культурологии, канд. ист. наук
_gЛюдмила Дмитриевна
_914543
_3RU\NLR\auth\7731533
711 1 2 _4070
_a"Генеалогия на Русском Севере: связь с общественными науками", международная научная конференция
_eАрхангельск
_f2008
_9770156
_3RU\NLR\AUTH\8810137327
712 0 2 _4570
_aСеверное историко-родословное общество
_cАрхангельск
_9588076
_3RU\NLR\AUTH\8810044320
801 0 _aRU
_bNLR
_c20090909
_gRCR
801 1 _aRU
_bNLR
_c20090909
942 _cBOOK
980 _aNB
980 _aGENEAL02
980 _aNBR